Ogólny (i ogromny) test wiedzy o historii Polski - Statystyki

Ogólne statystyki
  • Ten quiz został rozwiązany 114 razy
  • Średni wynik to 16 z 38
Statystyki odpowiedzi
Pytanie Odpowiedź % Poprawnych
Od kiedy do kiedy trwało rozbicie dzielnicowe? 1138-1320
71%
Rozbicie dzielnicowe rozpoczęło się w skutek testamentu. Kogo? Bolesław Krzywousty
62%
Krzyżacy stworzyli silne państwo na pomorzu Gdańskim. Jak nazywała się jego stolica? Malbork
62%
W którym roku został koronowany Bolesław Chrobry? 1025
60%
W 1385 roku zawarto unię. Z kim? Litwa
60%
1409-1411 miała miejsce wielka wojna krzyżaków z polską. W niej doszło do jednej z największych bitew średniowiecza. Kiedy to było? 1410
58%
Kto był ostatnim władcą z dynastii piastów? Kazimierz Wielki
58%
W którym roku Książe mazowiecki Konrad sprowadził na ziemie Chełmińską krzyżaków? 1226
55%
Kiedy 2 państwa są rządzone przez tego samego Króla/Królową to jest to unia... Personalna
55%
Wielką wojnę z krzyżakami zakończył pokój w Toruniu. Kiedy to było? 1411
51%
Kto panował w Polsce w latach 1384-1399? Jadwiga
51%
Rok w którym Władysław Łokietek się koronował. Jest to również rok zakończenia rozbicia dzielnicowego. 1320
49%
Jedna z największych bitew średniowiecza miała miejsce... Pod Grunwaldem
49%
W 1384 córka Ludwika Węgierskiego została koronowana. Kto to był? Jadwiga Andegaweńska
47%
Kto został koronowany na króla polski po Kazimierzu Wielkim? Ludwik Węgierski
47%
Kto kontynuował zjednoczenie ziem Polski? Władysław Łokietek
46%
Z jakiej dynastii była osoba z poprzedniego pytania? Andegawenów
45%
W którym roku Władysław Łokietek umarł? Jest to też rok koronacji Kazimierza Wielkiego. 1333
44%
Osobie z powyższego pytania się jednak to nie udało, ponieważ w 1300 roku na króla polski koronował się.... Wacław II
44%
W którym roku został koronowany Mieszko II? 1025
42%
W którym roku Kazimierz Wielki założył pierwszy uniwersytet na ziemiach Polskich (teraz Akademia Krakowska) 1364
42%
Ludwik Węgierski nadał rycerstwu polskiemu przywileje, dzięki czemu uzyskał zgodę na koronacje jednej ze swoich córek. Kiedy to było? 1374
42%
W którym roku odbył się chrzest Jagiełły? 1386
42%
W 13 wieku próbowano zjednoczyć Polskę. Jaka osoba to próbowała? Przemysł II
42%
W którym roku Mongołowie (Tatarzy) najechali na Polskę i spustoszyli południe i wygrali bitwę pod Legnicą? 1241
41%
W jakich latach PANOWAŁ Kazimierz Wielki? 1333-1370
41%
Z jakiej dynastii była osoba z poprzedniego pytania? Przemyślidów
36%
Dopiero po śmierci osoby z przed 2 pytań i jego syna Władysław Łokietek mógł kontynuować zjednoczenie ziem Polski. Jak nazywał się syn osoby z przed 2 pytań? Wacław III
35%
W którym roku zostal koronowany Bolesław Śmiały (Szczodry)? 1076
33%
W którym roku, osoba z pytania powyżej się koronowała na króla Polski? 1295
33%
Gdzie zawarto tą unie? W Krewie
31%
W jakich latach Panowała osoba z przed 2 pytań? 1370-1382
28%
Kazimierz Wielki budował zamki na granicy śląska i małopolski. Jak one się nazywają? Orlę gniazda
22%
W którym roku został zawarty pokój w Kaliszu? 1343
21%
Jakie ziemie pod koniec panowania Władysława Łokietka zostały zagarnięte przez krzyżaków? Kujawy
15%
W jakich latach zakon Krzyżacki zagarną Pomorze Gdańskie 1308-1309
9%
O jakie ziemie Kazimierz Wielki rozszerzył Polskę? Ruś Holicką
2%
Jakie ziemie zjednoczył Władysław Łokietek? Wypisz po przecinku. Małopolska, wielkopolska, ziemie siardzko-łęczycką, kujawy
0%
Nie znaleziono quizów pasujących do podanych kryteriów
Rozkład punktacji
Procent ludzi z każdym wynikiem
Percentyl według liczby udzielonych odpowiedzi
Twoja historia wyników
Nie rozwiązałeś tego quizu